La personalidad del hombre a la luz de la parapsicología /

Guardado en:
Autor Principal: Tyrrell, G. N. M.
Formato: Libro
Publicado: Buenos Aires : Paidos, 1965
Materias:
Etiquetas: Agregar Etiqueta
Sin Etiquetas, Sea el primero en etiquetar este registro!
LEADER 00944nam a22001935a 4500
001 CEM.cems006348
005 20060214000000.0
008 130507s1965##################000#0#####d
003 CEMS
082 0 4 |a 137 
100 1 |a Tyrrell, G. N. M. 
245 1 0 |a La personalidad del hombre a la luz de la parapsicología / 
260 |a Buenos Aires :  |b Paidos,  |c 1965 
300 |a 377 p. 
505 0 |a Investigaciónes sobre la técnica de escribir; El nivel escritural; Caracteristicas e interpretación de la escritura; Expresion individual en los garabatos del infante; Revelaciónes del analísis grafologico; Perturbaciónes caracterologicas que repercuten en la escritura; La pubertad y su reflejo en la escritura; Descubrimiento de las disposiciónes mentales. BIBLIOGRAFIA: pp. 113-114. 
653 |a Mente-poderes de la 
653 |a Parapsicología 
653 |a Personalidad-parapsicología 
859 |a CEMS  |b BIB. CEMS - 11 de abril  |h 137  |i T985  |p 343.73  |t Ej.1